[Event "Lloyds Bank Masters 1st"]
[Site "London"]
[Date "1977.08.27"]
[Round "2.11"]
[White "Hartston, William Roland"]
[Black "Baker, Chris W"]
[Result "1-0"]
[WhiteElo "2475"]
[BlackElo "2175"]
[PlyCount "63"]
[EventDate "1977.08.26"]
[EventType "swiss"]
[EventRounds "10"]
[EventCountry "ENG"]

1. d4 c5 2. d5 e5 3. e4 d6 4. Bd3 Be7 5. Nf3 Bg4 6. Nbd2 Nd7 7. a4 Bh5 8. h3 h6
9. Nc4 Ngf6 10. Qe2 Qc7 11. g4 Bg6 12. Nh4 Bxe4 13. Bxe4 Nxe4 14. Nf5 Nef6 15.
Nxg7+ Kf8 16. Nf5 Nxd5 17. Bxh6+ Ke8 18. Rd1 Qc6 19. O-O Rxh6 20. Qf3 Rh7 21.
Rxd5 Nf6 22. Nce3 Nxd5 23. Nxd5 f6 24. c4 Kd7 25. Nd4 cxd4 26. Qf5+ Kd8 27.
Qxh7 Qe8 28. f4 Rc8 29. b3 Rc6 30. g5 Qf8 31. g6 Qe8 32. g7 1-0

[Event "Lloyds Bank Masters 1st"]
[Site "London"]
[Date "1977.08.27"]
[Round "2.12"]
[White "Henshaw, John C"]
[Black "Wicker, Kevin J"]
[Result "0-1"]
[WhiteElo "2170"]
[BlackElo "2310"]
[PlyCount "58"]
[EventDate "1977.08.26"]
[EventType "swiss"]
[EventRounds "10"]
[EventCountry "ENG"]

1. Nf3 Nf6 2. g3 b5 3. a4 b4 4. Bg2 Bb7 5. O-O e6 6. d3 Be7 7. e4 O-O 8. Nbd2
c5 9. Ne1 d5 10. e5 Nfd7 11. f4 Qc7 12. Qh5 c4 13. d4 c3 14. Nb3 cxb2 15. Bxb2
g6 16. Qh6 Nc6 17. g4 f5 18. Bh3 Nd8 19. g5 Nb6 20. Bg2 a5 21. Qh3 Bc6 22. Nc5
Bxc5 23. dxc5 Nxa4 24. Bd4 Bb5 25. Nd3 Nc6 26. Be3 Nc3 27. Qf3 b3 28. Qf2 Ne4
29. Qe2 Nb4 0-1

[Event "Lloyds Bank Masters 1st"]
[Site "London"]
[Date "1977.08.27"]
[Round "2.14"]
[White "Franklin, Michael J"]
[Black "Lee, Martin A"]
[Result "1-0"]
[WhiteElo "2300"]
[BlackElo "2105"]
[PlyCount "55"]
[EventDate "1977.08.26"]
[EventType "swiss"]
[EventRounds "10"]
[EventCountry "ENG"]

1. d4 Nf6 2. Nf3 g6 3. Bf4 Bg7 4. e3 O-O 5. Nbd2 d6 6. Bc4 Nbd7 7. h3 c5 8. c3
a6 9. a4 b6 10. O-O Bb7 11. Bh2 Ne8 12. Qe2 Nc7 13. e4 Rb8 14. e5 d5 15. Bd3 e6
16. Bf4 Qe7 17. Rfe1 Rfe8 18. Nh2 b5 19. axb5 axb5 20. Ndf3 b4 21. Ng4 Bc6 22.
Qe3 bxc3 23. bxc3 Rb3 24. Ra7 Bb7 25. Bc2 cxd4 26. Nxd4 Rb2 27. Ba4 Ra2 28.
Rxb7 1-0

[Event "Lloyds Bank Masters 1st"]
[Site "London"]
[Date "1977.08.27"]
[Round "2.17"]
[White "Bennett, Terry B"]
[Black "Sowray, Peter John"]
[Result "1-0"]
[WhiteElo "2265"]
[BlackElo "2160"]
[PlyCount "53"]
[EventDate "1977.08.26"]
[EventType "swiss"]
[EventRounds "10"]
[EventCountry "ENG"]

1. d4 f5 2. e4 fxe4 3. Nc3 Nf6 4. f3 exf3 5. Nxf3 g6 6. Bg5 Bg7 7. Bc4 c6 8.
Qd2 d5 9. Bd3 O-O 10. O-O Nbd7 11. Bh6 e5 12. Bxg7 Kxg7 13. dxe5 Ng4 14. Rae1
Qc7 15. Nd1 Nc5 16. Ng5 Bd7 17. h3 Nh6 18. e6 Nxd3 19. Qxd3 Rxf1+ 20. Rxf1 Qb6+
21. Kh1 Be8 22. Qa3 Nf5 23. g4 Qb5 24. Rf2 h6 25. gxf5 hxg5 26. f6+ Kh6 27.
Qf8+ 1-0

[Event "Lloyds Bank Masters 1st"]
[Site "London"]
[Date "1977.08.27"]
[Round "2.18"]
[White "Rumens, David E"]
[Black "Trevelyan, John"]
[Result "1-0"]
[WhiteElo "2270"]
[BlackElo "2205"]
[PlyCount "79"]
[EventDate "1977.08.26"]
[EventType "swiss"]
[EventRounds "10"]
[EventCountry "ENG"]

1. e4 e5 2. Nf3 Nc6 3. Bb5 Bc5 4. c3 Nf6 5. d4 exd4 6. e5 Ne4 7. Qe2 d5 8. exd6
O-O 9. dxc7 Qf6 10. Qxe4 Bf5 11. Qd5 Rfe8+ 12. Kf1 Be4 13. Qg5 Qe6 14. Nbd2
dxc3 15. Nxe4 Qxe4 16. Qxc5 a6 17. Qxc3 axb5 18. Be3 b4 19. Qb3 Na5 20. Qxf7+
Kxf7 21. Ng5+ Kg6 22. Nxe4 Rxe4 23. Rd1 Rc8 24. Rd6+ Kf5 25. Rd5+ Re5 26. Rxe5+
Kxe5 27. g3 Kf5 28. b3 Rxc7 29. Bb6 Rc1+ 30. Kg2 Rxh1 31. Kxh1 Nc6 32. f3 Ne5
33. Kg2 Nd3 34. Be3 g5 35. h3 h6 36. Kf1 Ne5 37. Ke2 Nc6 38. Bc5 Ke5 39. Ke3
Kf5 40. g4+ 1-0

[Event "Lloyds Bank Masters 1st"]
[Site "London"]
[Date "1977.08.27"]
[Round "2.20"]
[White "Marlow, Michael W"]
[Black "Speelman, Jonathan S"]
[Result "0-1"]
[WhiteElo "2360"]
[BlackElo "2395"]
[PlyCount "46"]
[EventDate "1977.08.26"]
[EventType "swiss"]
[EventRounds "10"]
[EventCountry "ENG"]

1. e4 c5 2. Nf3 Nc6 3. Bb5 Qb6 4. Nc3 e6 5. O-O Nd4 6. a4 a6 7. Bc4 Ne7 8. e5
Ng6 9. Re1 Qc7 10. d3 Nxf3+ 11. Qxf3 Nxe5 12. Rxe5 Qxe5 13. Bf4 Qf5 14. g4 Qg6
15. Re1 Be7 16. Nd5 exd5 17. Bxd5 d6 18. Bxb7 Bxg4 19. Qg2 Rd8 20. Kh1 Be6 21.
Qc6+ Kf8 22. Rg1 Qf5 23. Qg2 g5 0-1

[Event "Lloyds Bank Masters 1st"]
[Site "London"]
[Date "1977.08.27"]
[Round "2.23"]
[White "King, Daniel J"]
[Black "Crouch, Colin S"]
[Result "0-1"]
[WhiteElo "2105"]
[BlackElo "2300"]
[PlyCount "42"]
[EventDate "1977.08.26"]
[EventType "swiss"]
[EventRounds "10"]
[EventCountry "ENG"]

1. e4 c5 2. Nf3 Nc6 3. Bb5 g6 4. O-O Bg7 5. Qe2 e5 6. b4 cxb4 7. a3 Nge7 8.
axb4 O-O 9. Bc4 d5 10. Bb3 dxe4 11. Ng5 Nd4 12. Qc4 b5 13. Qc5 Bf5 14. Nc3 Rc8
15. Qxa7 Nec6 16. Nxf7 Qh4 17. Nd6+ Kh8 18. Qc5 Nf3+ 19. gxf3 Nd4 20. Qxd4 exd4
21. Ncxe4 Be5 0-1

[Event "Lloyds Bank Masters 1st"]
[Site "London"]
[Date "1977.08.27"]
[Round "2.24"]
[White "Peterson, Tony"]
[Black "James, Geoffrey H"]
[Result "0-1"]
[WhiteElo "2065"]
[BlackElo "2230"]
[PlyCount "132"]
[EventDate "1977.08.26"]
[EventType "swiss"]
[EventRounds "10"]
[EventCountry "ENG"]

1. e4 g6 2. d4 Bg7 3. Nf3 d6 4. Nc3 Bg4 5. Be3 Nc6 6. Be2 e5 7. d5 Nce7 8. Nd2
Bd7 9. O-O f5 10. f4 exf4 11. Bxf4 Nf6 12. exf5 Nxf5 13. Nf3 O-O 14. Qd2 h6 15.
Qc1 Kh7 16. Bd3 Nh5 17. Bd2 Nd4 18. Nxd4 Bxd4+ 19. Be3 Qh4 20. Bxd4 Qxd4+ 21.
Kh1 Rae8 22. Qd2 Qh4 23. Kg1 Nf6 24. Qf2 Qxf2+ 25. Rxf2 Ng4 26. Rxf8 Rxf8 27.
Re1 Kg7 28. Nb5 Bxb5 29. Bxb5 Ne5 30. Be2 Rf4 31. b3 Rd4 32. Rd1 Rxd1+ 33. Bxd1
Nd7 34. Kf2 Kf6 35. Ke3 Ke5 36. Bf3 b5 37. c4 b4 38. Be2 Nc5 39. Bd3 g5 40. Bg6
a5 41. Bc2 Nd7 42. g4 Nb6 43. Bd1 a4 44. Bc2 a3 45. Bf5 h5 46. h3 h4 47. Be4
Nd7 48. Bd3 Nf6 49. Bf5 Nxd5+ 50. cxd5 Kxd5 51. Kd3 c5 52. Bg6 Ke5 53. Kc4 Kf4
54. Kd5 Kg3 55. Kxd6 Kxh3 56. Kxc5 Kxg4 57. Kxb4 Kf3 58. Kxa3 g4 59. b4 g3 60.
Be8 h3 61. b5 g2 62. Bc6+ Kf2 63. b6 g1=Q 64. Ka4 Qb1 65. Ka5 Qxa2+ 66. Kb5 h2
{Source: GH James via Brian Denman, 23 September 2020} 0-1

[Event "Lloyds Bank Masters 1st"]
[Site "London"]
[Date "1977.08.27"]
[Round "2.28"]
[White "Wills, Michael W"]
[Black "Caldwell, Susan Linda"]
[Result "0-1"]
[WhiteElo "2225"]
[BlackElo "2080"]
[PlyCount "48"]
[EventDate "1977.08.26"]
[EventType "swiss"]
[EventRounds "10"]
[EventCountry "ENG"]

1. e4 c5 2. c3 Nf6 3. e5 Nd5 4. d4 cxd4 5. Qxd4 e6 6. Bc4 Nb6 7. Bd3 Nc6 8. Qe4
d6 9. exd6 Bxd6 10. Nf3 Nd7 11. O-O Nc5 12. Qg4 Nxd3 13. Qxg7 Rf8 14. Bh6 Nce5
15. Nxe5 Nxe5 16. Rd1 Qb6 17. Nd2 f5 18. Qxh7 Ng4 19. Nc4 Bxh2+ 20. Kh1 Qc7 21.
Qxc7 Bxc7 22. Bxf8 Nxf2+ 23. Kg1 Nxd1 24. Bd6 Nxb2 0-1

[Event "Lloyds Bank Masters 1st"]
[Site "London"]
[Date "1977.08.27"]
[Round "2.32"]
[White "Williams, Tony M"]
[Black "Emerson, Roger"]
[Result "1/2-1/2"]
[WhiteElo "2095"]
[BlackElo "2225"]
[PlyCount "90"]
[EventDate "1977.08.26"]
[EventType "swiss"]
[EventRounds "10"]
[EventCountry "ENG"]
[SourceTitle "Roger Emerson"]
[Source "BritBase"]
[SourceDate "2020.09.21"]
[SourceVersion "1"]
[SourceVersionDate "2020.09.21"]
[SourceQuality "1"]

1. c4 g6 2. Nc3 Bg7 3. g3 Nf6 4. Bg2 O-O 5. e4 d6 6. Nge2 c5 7. O-O Nc6 8. a3
Rb8 9. Rb1 a5 10. d3 Ne8 11. Nb5 Bd7 12. Be3 Nc7 13. Nxc7 Qxc7 14. Nc3 Nd4 15.
a4 Bc6 16. b3 e6 17. Qd2 Rbd8 18. Bh6 b6 19. Bxg7 Kxg7 20. Qb2 Kg8 21. f4 f5
22. Rbe1 Qg7 23. exf5 Bxg2 24. Qxg2 gxf5 25. Ne2 Nxb3 26. Qc6 Qd7 27. Qxd7 Rxd7
28. Rf2 Rb8 29. Rb1 Nd4 30. Nxd4 cxd4 31. Rfb2 Rdb7 32. Rb5 Kf7 33. Re1 Kf6 34.
Kf2 h5 35. h4 Ra8 36. Reb1 Ra6 37. c5 dxc5 38. Rxc5 bxc5 39. Rxb7 c4 40. dxc4
Rc6 41. Rb5 Rxc4 42. Rxa5 d3 43. Ke3 Rc3 44. Kd2 Rc2+ 45. Kxd3 Rg2 {Source:
Roger Emerson} 1/2-1/2

[Event "Lloyds Bank Masters 1st"]
[Site "London"]
[Date "1977.08.27"]
[Round "3.1"]
[White "Torre, Eugenio"]
[Black "Kinlay, Jonathan"]
[Result "0-1"]
[WhiteElo "2550"]
[BlackElo "2275"]
[PlyCount "116"]
[EventDate "1977.08.26"]
[EventType "swiss"]
[EventRounds "10"]
[EventCountry "ENG"]

1. e4 c5 2. Nf3 Nc6 3. d4 cxd4 4. Nxd4 Nf6 5. Nc3 d6 6. Bg5 e6 7. Qd2 a6 8.
O-O-O Bd7 9. f4 b5 10. Bxf6 gxf6 11. Nxc6 Bxc6 12. Qe3 Qc7 13. Bd3 Qa7 14. Qh3
Qc5 15. f5 b4 16. Ne2 e5 17. Ng3 a5 18. Nh5 Bh6+ 19. Kb1 Bg5 20. Qg4 Ke7 21. h4
Bh6 22. Qe2 Qe3 23. Rhe1 Qxe2 24. Rxe2 Rhg8 25. g3 Rg4 26. Rde1 Rc8 27. b3 a4
28. bxa4 Bxa4 29. Ka1 Bc6 30. Rb1 Rb8 31. c4 Rb7 32. Bc2 Rg8 33. Rd1 Rc7 34.
Kb2 Bb7 35. Bd3 Bc6 36. Rg1 Ra7 37. Bc2 Rg4 38. Rd1 Ra6 39. Ka1 Bb7 40. Rb1 Rb6
41. a3 b3 42. Bd3 Bc6 43. Kb2 Rg8 44. Kc3 Ba4 45. Kb2 Bc6 46. Rg1 Rg4 47. Rgg2
Bf8 48. Re1 Bh6 49. Kc3 Ba4 50. Bb1 b2 51. c5 Rb3+ 52. Kc4 d5+ 53. Kxd5 Rg8 54.
c6 Rd8+ 55. Kc5 Rb5+ 56. Kc4 Rd4+ 57. Kc3 Rb3+ 58. Kc2 Rc4+ 0-1

[Event "Lloyds Bank Masters 1st"]
[Site "London"]
[Date "1977.08.27"]
[Round "3.2"]
[White "Nunn, John DM"]
[Black "Birnboim, Nathan"]
[Result "1/2-1/2"]
[WhiteElo "2410"]
[BlackElo "2440"]
[PlyCount "45"]
[EventDate "1977.08.26"]
[EventType "swiss"]
[EventRounds "10"]
[EventCountry "ENG"]

1. e4 c5 2. Nf3 Nc6 3. d4 cxd4 4. Nxd4 Nf6 5. Nc3 e5 6. Ndb5 d6 7. Bg5 a6 8.
Na3 b5 9. Bxf6 gxf6 10. Nd5 f5 11. c3 Bg7 12. Bd3 Be6 13. Qh5 O-O 14. exf5 Bxd5
15. f6 e4 16. fxg7 Re8 17. Be2 Re5 18. Qh6 Qg5 19. Qxg5 Rxg5 20. Nc2 Bc4 21.
Ne3 d5 22. a4 Bxe2 23. h4 1/2-1/2

[Event "Lloyds Bank Masters 1st"]
[Site "London"]
[Date "1977.08.27"]
[Round "3.3"]
[White "Formanek, Edward W"]
[Black "Pritchett, Craig William"]
[Result "1/2-1/2"]
[WhiteElo "2410"]
[BlackElo "2425"]
[PlyCount "62"]
[EventDate "1977.08.26"]
[EventType "swiss"]
[EventRounds "10"]
[EventCountry "ENG"]

1. e4 c5 2. Nf3 e6 3. c3 Nf6 4. e5 Nd5 5. d4 cxd4 6. cxd4 d6 7. Nc3 Nc6 8. exd6
Qxd6 9. Bd3 Be7 10. O-O O-O 11. Ne4 Qc7 12. Be3 Bd7 13. Rc1 Nxe3 14. fxe3 Qb6
15. Rf2 Rad8 16. Bb1 Bc8 17. Qc2 g6 18. a3 e5 19. dxe5 Qxe3 20. Re1 Qb6 21. h3
Nd4 22. Nxd4 Rxd4 23. Kh2 Be6 24. Nf6+ Bxf6 25. exf6 Qd6+ 26. Kg1 Rd8 27. Qc1
Rd1 28. Rxd1 Qxd1+ 29. Qxd1 Rxd1+ 30. Rf1 Rd2 31. Rf2 Rd1+ 1/2-1/2

[Event "Lloyds Bank Masters 1st"]
[Site "London"]
[Date "1977.08.27"]
[Round "3.4"]
[White "Perkins, Alan H"]
[Black "Quinteros, Miguel"]
[Result "0-1"]
[WhiteElo "2305"]
[BlackElo "2555"]
[PlyCount "104"]
[EventDate "1977.08.26"]
[EventType "swiss"]
[EventRounds "10"]
[EventCountry "ENG"]

1. c4 e5 2. Nc3 d6 3. g3 g6 4. Bg2 Bg7 5. d3 f5 6. e3 Nf6 7. Nge2 O-O 8. O-O c6
9. f4 Re8 10. h3 Be6 11. Qc2 Nbd7 12. Kh2 a5 13. e4 fxe4 14. Nxe4 Nxe4 15. dxe4
exf4 16. gxf4 Qb6 17. Rb1 Nf6 18. Ng3 Qc5 19. b3 a4 20. Qe2 axb3 21. axb3 Bf7
22. Be3 Qa5 23. Rfd1 h5 24. Qd3 Qc7 25. Bd4 h4 26. Ne2 Re6 27. Bf2 Rae8 28. Nd4
Rxe4 29. Bxe4 Rxe4 30. Ne2 Qe7 31. Re1 Nh5 32. Nc3 Rxe1 33. Rxe1 Qf6 34. Ne4
Qxf4+ 35. Kg2 d5 36. Qf3 dxe4 37. Rxe4 Qxf3+ 38. Kxf3 g5 39. Re7 b5 40. cxb5
cxb5 41. Kg4 Nf4 42. Rb7 Be6+ 43. Kxg5 Nxh3+ 44. Kg6 Nxf2 45. Rxg7+ Kf8 46. Rh7
h3 47. b4 Bd5 48. Kg5 Bg2 49. Rh4 Nd3 50. Kf6 Ke8 51. Ke6 Kd8 52. Kd6 Kc8 0-1

[Event "Lloyds Bank Masters 1st"]
[Site "London"]
[Date "1977.08.27"]
[Round "3.5"]
[White "Vranesic, Zvonko"]
[Black "Bulford, Michael J"]
[Result "1/2-1/2"]
[WhiteElo "2400"]
[BlackElo "2170"]
[PlyCount "91"]
[EventDate "1977.08.26"]
[EventType "swiss"]
[EventRounds "10"]
[EventCountry "ENG"]

1. d4 Nf6 2. c4 c5 3. Nf3 g6 4. Nc3 cxd4 5. Nxd4 Bg7 6. e4 d6 7. Be2 O-O 8. O-O
Nc6 9. Be3 Bd7 10. Rc1 Nxd4 11. Bxd4 Bc6 12. Qd3 Nd7 13. Bxg7 Kxg7 14. b4 b6
15. f4 a5 16. a3 axb4 17. axb4 Ra3 18. Qd4+ Kg8 19. Bg4 Nf6 20. Bf3 e5 21. Qd2
Qe7 22. f5 Ne8 23. Qe3 Qa7 24. Be2 f6 25. fxg6 hxg6 26. Bg4 Kg7 27. Rf3 Rh8 28.
b5 Ba8 29. Rcf1 Qc7 30. Be6 Rh4 31. Qf2 Qc5 32. Qxc5 dxc5 33. Bd7 Nd6 34. Rxf6
Nf5 35. Rxb6 Ne3 36. Rc1 Nxc4 37. Ra6 Rh8 38. Rxa3 Nxa3 39. Ra1 Nc4 40. Ra7 Kh6
41. Rc7 Rf8 42. Rxc5 Ne3 43. h3 Rf1+ 44. Kh2 Rf2 45. Kg3 Rd2 46. Bc6 1/2-1/2

[Event "Lloyds Bank Masters 1st"]
[Site "London"]
[Date "1977.08.27"]
[Round "3.6"]
[White "Speelman, Jonathan S"]
[Black "Rayner, Emmanuel"]
[Result "1/2-1/2"]
[WhiteElo "2395"]
[BlackElo "2335"]
[PlyCount "33"]
[EventDate "1977.08.26"]
[EventType "swiss"]
[EventRounds "10"]
[EventCountry "ENG"]

1. e4 c5 2. Nf3 e6 3. d4 cxd4 4. Nxd4 Nc6 5. Nc3 Qc7 6. g3 a6 7. Bg2 d6 8. O-O
Bd7 9. Re1 Be7 10. Nxc6 bxc6 11. Na4 Rb8 12. c4 c5 13. Nc3 Bf6 14. Qd3 Ne7 15.
Bf4 Be5 16. b3 Nc6 17. Rad1 1/2-1/2

[Event "Lloyds Bank Masters 1st"]
[Site "London"]
[Date "1977.08.27"]
[Round "3.7"]
[White "Basman, Michael John"]
[Black "Patterson, Nicholas J"]
[Result "1-0"]
[WhiteElo "2390"]
[BlackElo "2340"]
[PlyCount "71"]
[EventDate "1977.08.26"]
[EventType "swiss"]
[EventRounds "10"]
[EventCountry "ENG"]

1. d4 Nf6 2. Nf3 g6 3. c3 Bg7 4. Bg5 h6 5. Bh4 O-O 6. Nbd2 d5 7. h3 Nbd7 8. e3
b6 9. Bd3 Bb7 10. Qc2 Qe8 11. Bg3 c5 12. Ne5 Nh5 13. Nxd7 Qxd7 14. Bh2 cxd4 15.
cxd4 Nf6 16. O-O Rfc8 17. Qb3 Ne4 18. Rfd1 Nxd2 19. Rxd2 e6 20. Qd1 Qe7 21. a3
Kh8 22. Bf4 f5 23. Rc1 g5 24. Bg3 Rxc1 25. Qxc1 Rc8 26. Rc2 Rxc2 27. Qxc2 f4
28. exf4 Bxd4 29. fxg5 hxg5 30. Qe2 e5 31. Qh5+ Kg8 32. Bf5 Bxb2 33. h4 Bc1 34.
Qg6+ Kf8 35. Be6 Qg7 36. Qf5+ 1-0

[Event "Lloyds Bank Masters 1st"]
[Site "London"]
[Date "1977.08.27"]
[Round "3.8"]
[White "Quinn, John M"]
[Black "Hartston, William Roland"]
[Result "0-1"]
[WhiteElo "2150"]
[BlackElo "2475"]
[PlyCount "74"]
[EventDate "1977.08.26"]
[EventType "swiss"]
[EventRounds "10"]
[EventCountry "ENG"]

1. d4 Nf6 2. c4 c5 3. d5 e5 4. Nc3 d6 5. Nf3 Nbd7 6. e4 Be7 7. Bd3 Nf8 8. h3 h5
9. a3 Ng6 10. b4 b6 11. Bc2 h4 12. Ba4+ Kf8 13. Bc6 Rb8 14. Qa4 a6 15. Rb1 Nh5
16. Qc2 Nhf4 17. Kf1 Qc7 18. Be3 Rh5 19. Rb3 f5 20. Rg1 fxe4 21. Nxe4 Bf5 22.
Nfd2 Ne6 23. Qd1 Nef4 24. Qb1 Kg8 25. bxc5 dxc5 26. Qb2 Ne6 27. Ba4 Nd4 28.
Bxd4 exd4 29. Qb1 Qe5 30. Rf3 Bg5 31. Bc2 Bxd2 32. Rxf5 Rxf5 33. Nxd2 Rxf2+ 34.
Kxf2 Qe3+ 35. Kf1 Qxd2 36. Bxg6 Rf8+ 37. Bf5 d3 0-1

[Event "Lloyds Bank Masters 1st"]
[Site "London"]
[Date "1977.08.27"]
[Round "3.9"]
[White "Crouch, Colin S"]
[Black "Rumens, David E"]
[Result "1/2-1/2"]
[WhiteElo "2300"]
[BlackElo "2270"]
[PlyCount "80"]
[EventDate "1977.08.26"]
[EventType "swiss"]
[EventRounds "10"]
[EventCountry "ENG"]

1. g3 f5 2. d4 e6 3. Bg2 Nf6 4. c4 Be7 5. Nc3 O-O 6. Nf3 d6 7. O-O Qe8 8. Re1
Qg6 9. e4 fxe4 10. Nxe4 Nxe4 11. Rxe4 Nc6 12. Re2 Bf6 13. Be3 e5 14. c5 Qh5 15.
dxe5 dxe5 16. Qb3+ Kh8 17. Ree1 Rb8 18. Nd2 Bg4 19. f3 Bd7 20. Ne4 Be7 21. Rad1
Be8 22. Qc3 Bf7 23. a3 Rbd8 24. b4 Bd5 25. b5 Bxe4 26. Rxd8 Rxd8 27. fxe4 Nd4
28. Qc4 Bg5 29. Bxd4 exd4 30. Rf1 Be7 31. Rf5 Qd1+ 32. Bf1 h6 33. Qe6 Bg5 34.
Rxg5 hxg5 35. Qh3+ Kg8 36. Qe6+ Kh7 37. Qh3+ Kg6 38. Qe6+ Kh7 39. Qh3+ Kg8 40.
Qe6+ Kf8 1/2-1/2

[Event "Lloyds Bank Masters 1st"]
[Site "London"]
[Date "1977.08.27"]
[Round "3.10"]
[White "Taulbut, Shaun M"]
[Black "Bennett, Terry B"]
[Result "0-1"]
[WhiteElo "2395"]
[BlackElo "2265"]
[PlyCount "64"]
[EventDate "1977.08.26"]
[EventType "swiss"]
[EventRounds "10"]
[EventCountry "ENG"]

1. e4 e6 2. d4 d5 3. Nc3 Bb4 4. Nge2 dxe4 5. a3 Be7 6. Nxe4 Nc6 7. g3 Nf6 8.
Bg2 e5 9. Nxf6+ Bxf6 10. d5 Ne7 11. O-O O-O 12. c4 Rb8 13. Nc3 Ng6 14. Be3 b6
15. b4 Be7 16. c5 f5 17. d6 cxd6 18. c6 f4 19. Nd5 Qe8 20. Nc7 Qd8 21. Nb5 Qe8
22. Nxa7 fxe3 23. c7 Rb7 24. Bc6 e2 25. Qxe2 Nf4 26. gxf4 Qg6+ 27. Kh1 Rxa7 28.
Rac1 Rxf4 29. Bd5+ Kh8 30. Qb5 Rxa3 31. Qxb6 Rh3 32. Qb8 Rxh2+ 0-1

[Event "Lloyds Bank Masters 1st"]
[Site "London"]
[Date "1977.08.27"]
[Round "3.11"]
[White "Wicker, Kevin J"]
[Black "Povah, Nigel Edward"]
[Result "1-0"]
[WhiteElo "2310"]
[BlackElo "2320"]
[PlyCount "49"]
[EventDate "1977.08.26"]
[EventType "swiss"]
[EventRounds "10"]
[EventCountry "ENG"]

1. e4 c5 2. Nf3 Nc6 3. Bb5 g6 4. O-O Bg7 5. Re1 Nf6 6. e5 Nd5 7. Nc3 Nc7 8. a4
O-O 9. d3 Ne6 10. h3 b6 11. Bxc6 dxc6 12. a5 Bd7 13. Ne4 Qc7 14. Neg5 Nd4 15.
Nxd4 cxd4 16. e6 Be8 17. axb6 Qxb6 18. exf7+ Bxf7 19. Rxe7 Bd5 20. Qg4 Bf6 21.
Rd7 Bf7 22. Nxf7 Rxf7 23. Rxf7 Kxf7 24. Qd7+ Kg8 25. Bh6 1-0

[Event "Lloyds Bank Masters 1st"]
[Site "London"]
[Date "1977.08.27"]
[Round "3.12"]
[White "Franklin, Michael J"]
[Black "Yeo, Michael J"]
[Result "1-0"]
[WhiteElo "2300"]
[BlackElo "2080"]
[PlyCount "61"]
[EventDate "1977.08.26"]
[EventType "swiss"]
[EventRounds "10"]
[EventCountry "ENG"]

1. d4 d5 2. Nf3 Nc6 3. e3 Bg4 4. Be2 e6 5. O-O Nf6 6. c4 dxc4 7. Bxc4 Be7 8. b3
e5 9. dxe5 Qxd1 10. Rxd1 Nxe5 11. Be2 Ne4 12. Rd4 Bxf3 13. gxf3 Ng5 14. Nd2 Nc6
15. Rc4 O-O-O 16. f4 Bf6 17. Rb1 Ne6 18. Ne4 Be7 19. b4 f5 20. Ng3 Rhf8 21. b5
Na5 22. Rc2 g5 23. fxg5 f4 24. Bg4 fxg3 25. Bxe6+ Kb8 26. hxg3 Rd1+ 27. Kg2
Bxg5 28. Bg4 Rd5 29. e4 Re5 30. f4 Rxe4 31. Bf3 1-0

[Event "Lloyds Bank Masters 1st"]
[Site "London"]
[Date "1977.08.27"]
[Round "3.13"]
[White "Law, Andrew P"]
[Black "James, Geoffrey H"]
[Result "1-0"]
[WhiteElo "2400"]
[BlackElo "2230"]
[PlyCount "51"]
[EventDate "1977.08.26"]
[EventType "swiss"]
[EventRounds "10"]
[EventCountry "ENG"]

1. d4 Nf6 2. c4 g6 3. Nc3 d5 4. cxd5 Nxd5 5. e4 Nxc3 6. bxc3 Bg7 7. Bc4 O-O 8.
Ne2 Nc6 9. O-O b6 10. Be3 Bb7 11. Qd2 Qd6 12. Bh6 Rad8 13. Bxg7 Kxg7 14. f4 e5
15. fxe5 Nxe5 16. Bb3 Ba6 17. Rf4 Qe7 18. Qe3 Nc4 19. Qd3 Qc5 20. Raf1 f6 21.
e5 f5 22. Rxf5 Rxf5 23. Rxf5 Qb5 24. Rf2 Nd6 25. Qh3 Nf5 26. g4 1-0

[Event "Lloyds Bank Masters 1st"]
[Site "London"]
[Date "1977.08.27"]
[Round "3.15"]
[White "Cooper, John G"]
[Black "Benjamin, Jonathan C"]
[Result "1-0"]
[WhiteElo "2320"]
[BlackElo "2135"]
[PlyCount "83"]
[EventDate "1977.08.26"]
[EventType "swiss"]
[EventRounds "10"]
[EventCountry "ENG"]

1. d4 Nf6 2. c4 g6 3. Nc3 Bg7 4. e4 d6 5. Nf3 O-O 6. Be2 e5 7. O-O Nbd7 8. Be3
c6 9. d5 c5 10. Bg5 h6 11. Bh4 a6 12. Nd2 Qe8 13. a3 Nh7 14. f3 f5 15. b4 b6
16. Rb1 h5 17. Bd3 Bh6 18. Re1 Bxd2 19. Qxd2 f4 20. Bf2 g5 21. Re2 Qg6 22. Kh1
g4 23. Bh4 Ng5 24. Rg1 Rf7 25. Qd1 Nf8 26. Rb2 Qf6 27. Be2 Ng6 28. Be1 gxf3 29.
gxf3 Nh3 30. Rg2 Kh7 31. Na4 Rb7 32. bxc5 bxc5 33. Rxb7+ Bxb7 34. Qb3 Bc8 35.
Qb6 Bd7 36. Nxc5 Qe7 37. Nxd7 Qxd7 38. c5 Rc8 39. c6 Qe7 40. Bxa6 Ra8 41. Qb7
Qxb7 42. cxb7 1-0

[Event "Lloyds Bank Masters 1st"]
[Site "London"]
[Date "1977.08.27"]
[Round "3.16"]
[White "Webb, Simon"]
[Black "Pagden, Michael A"]
[Result "1-0"]
[WhiteElo "2430"]
[BlackElo "2135"]
[PlyCount "81"]
[EventDate "1977.08.26"]
[EventType "swiss"]
[EventRounds "10"]
[EventCountry "ENG"]

1. c4 Nf6 2. Nc3 g6 3. e4 d6 4. d4 Bg7 5. h3 O-O 6. Bg5 c5 7. d5 e6 8. Bd3 h6
9. Be3 exd5 10. exd5 Re8 11. Nge2 Nbd7 12. b3 a6 13. a4 Nh5 14. Qd2 Kh7 15. Bc2
f5 16. O-O Qh4 17. Rae1 Nf8 18. Nf4 Nxf4 19. Bxf4 Rd8 20. a5 Qf6 21. Na4 Bd7
22. Nb6 Rab8 23. h4 Be8 24. g3 Bf7 25. b4 cxb4 26. c5 dxc5 27. Be5 Qxe5 28.
Rxe5 Bxe5 29. h5 Nd7 30. hxg6+ Bxg6 31. Re1 Bf6 32. Nxd7 Rxd7 33. Bxf5 Bxf5 34.
Qf4 Rbd8 35. Qxf5+ Kg7 36. Re6 Rf7 37. Qg4+ Kf8 38. d6 b3 39. Qg6 b2 40. Kg2
Bg7 41. Re7 1-0

[Event "Lloyds Bank Masters 1st"]
[Site "London"]
[Date "1977.08.27"]
[Round "3.21"]
[White "Spivack, Simon"]
[Black "Patrick, David I"]
[Result "1-0"]
[WhiteElo "2090"]
[BlackElo "2290"]
[PlyCount "79"]
[EventDate "1977.08.26"]
[EventType "swiss"]
[EventRounds "10"]
[EventCountry "ENG"]

1. e4 e5 2. Nf3 Nc6 3. Bb5 a6 4. Ba4 Nf6 5. O-O Be7 6. Re1 b5 7. Bb3 d6 8. c3
O-O 9. h3 Na5 10. Bc2 c5 11. d4 Nd7 12. dxc5 dxc5 13. Nbd2 f6 14. Qe2 Nb6 15.
Nf1 Ra7 16. b3 Nc6 17. a4 bxa4 18. bxa4 Na5 19. Ne3 Be6 20. Rd1 Qa8 21. Nh4 Rb8
22. Nd5 Bf8 23. f4 Rd7 24. fxe5 fxe5 25. Qh5 Nbc4 26. Nf3 Bxd5 27. exd5 g6 28.
Qg4 Rd6 29. Bd3 Nb2 30. Bxb2 Rxb2 31. Nxe5 c4 32. Bxc4 Qa7+ 33. Kh1 Qe3 34. Re1
Qxc3 35. Qf4 Rb7 36. Rf1 Bg7 37. Rae1 Rf6 38. Qg4 Rxf1+ 39. Rxf1 Bxe5 40. Qc8+
1-0

[Event "Lloyds Bank Masters 1st"]
[Site "London"]
[Date "1977.08.27"]
[Round "3.27"]
[White "Sowray, Peter John"]
[Black "Emerson, Roger"]
[Result "1/2-1/2"]
[WhiteElo "2160"]
[BlackElo "2225"]
[PlyCount "33"]
[EventDate "1977.08.26"]
[EventType "swiss"]
[EventRounds "10"]
[EventCountry "ENG"]
[SourceTitle "Roger Emerson"]
[Source "BritBase"]
[SourceDate "2020.09.21"]
[SourceVersion "1"]
[SourceVersionDate "2020.09.21"]
[SourceQuality "1"]

1. d4 Nf6 2. c4 g6 3. Nc3 d5 4. Nf3 Bg7 5. Bg5 Ne4 6. cxd5 Nxg5 7. Nxg5 e6 8.
Nf3 exd5 9. e3 O-O 10. Be2 b6 11. Rc1 Be6 12. O-O Nd7 13. b4 c6 14. a4 Rc8 15.
b5 c5 16. dxc5 Nxc5 17. Nd4 {Source: Roger Emerson} 1/2-1/2